000 00254nam a2200097Ia 4500
001 802703
005 20250826171101.0
008 250824s9999 xx 000 0 und d
245 0 _aTANKLAR KABE YE DAYANMADAN
_cİBRAHİM KARAGÜL
260 _bKETEBE YAYINLARI
999 _c802703
_d802703